000 00341nam a2200133Ia 4500
008 221030s9999 xx 000 0 und d
041 _aEnglish
100 _aEfy Enterprises Pvt. Ltd.
245 0 _aElectronics for You Annual Guide 2004
_cby Efy Enterprises Pvt. Ltd.
250 _aJAN 2016
260 _c2016
650 _aB
942 _cBK
999 _c16168
_d16168